000 00817 a2200241 4500
003 Nust
005 20170207164545.0
010 _a 2001030179
020 _a0071371761
040 _cNust
082 0 0 _a621.382/5
100 1 _aRoddy, Dennis,
245 1 0 _aSatellite communications /
_cDennis Roddy.
250 _a3rd ed.
260 _aNew York :
_bMcGraw-Hill,
_c2001.
300 _axiv, 569 p. :
_bill. ;
_c24 cm.
440 0 _aMcGraw-Hill telecommunications
500 _aE Book
650 0 _aTelecommunication engineering.
856 4 2 _3Contributor biographical information
_uhttp://www.loc.gov/catdir/bios/mh041/2001030179.html
856 4 2 _3Publisher description
_uhttp://www.loc.gov/catdir/description/mh024/2001030179.html
856 4 2 _3Table of contents
_uhttp://www.loc.gov/catdir/toc/mh023/2001030179.html
942 _2ddc
_cBK
999 _c209254
_d209254